Shrinking Cities in Wyoming - Statistics

General Stats
  • This quiz has been taken 7 times
  • The average score is 3 of 6
Answer Stats
Population Growth Rate (%) City % Correct
11,747 -5.3 Evanston
86%
11,825 -5.7 Green River
71%
8,221 -12 Rawlins
57%
10,682 -0.8 Riverton
57%
7,546 -0.7 Lander
43%
6,119 -5.0 Torrington
29%
No matching quizzes found
Score Distribution
Percent of People with Each Score
Percentile by Number Answered
Your Score History
You have not taken this quiz